01575 ad a2200457 a 450000500170000000800410001702000150005804100080007310000300008124500880011125000110019926000350021030000110024550001430025665300080039965300150040765300140042265300180043665300250045465300520047965300190053165300230055065300170057365300210059065300340061165300290064565300280067465300210070265300250072365300240074865300280077265300280080065300320082865300390086065300560089965300460095565300290100165300330103065300250106370000290108820240613105233.0100806s1984||||ag a f |||| 001 0 spa d a9509275085 aspa1 aPérgola, FedericoeDir. aSemiología y fisiopatología. bT.1 Aparato Cardiovascular /cFederico Pérgola a1a ed. aBuenos Aires: bEDIMED;c1984. a131 p. aPérgola, F. y Okner, O. H. (Dirs.). (1984). Semiología y fisiopatología: T.1 Aparato cardiovacular. (1a ed.). Buenos Aires : EDIMED. aTos aHemoptisis aVértigo aPalpitaciones aSíncope. Lipotimia aInspección general del enfermo cardiovascular aPulso arterial aPresión arterial aPulso venoso aPresión venosa aExamen físico del corazón aInsuficiencia cardíaca aCardiopatía coronaria aEstenosis mitral aInsuficiencia mitral aEstenosis aórtica aInsuficiencia aórtica aEstenosis tricuspídea aInsuficiencia tricuspídea aEstenosis e insuficiencia pulmonar aFisiopatología de las cardiopatías congéticas aFisiopatología de las miocardiopatías aTromboembolismo pulmonar aCorazón pulmonar crónico aTrastornos del ritmo1 aOkner, Osvaldo H, eDir.